17 jeux de mots = 17 villes d'Italie - Statistiques

Statistiques générales
  • Ce quiz a été pris 658 fois
  • Le résultat moyen est 4 sur 17
Statistiques - réponses
Indice Ville % Correct
Ni la mienne, ni la tienne Sienne
73%
Agée d'environ10 siècles Milan
69%
On n'y trouve pourtant pas de punch local (j'ai cherché) Rome
54%
Triplement orientale Trieste
34%
Pas de plaisir ici Gênes
32%
Entre Rose et Violet Parme
28%
Désastreuse pour la fonction excrétrice Turin
23%
Perso je préfère les mots d'amour Modène
14%
Villégiature des éléphants d'Hannibal ? Bari
13%
Pollution aquatique ? Florence
10%
Les habitants doivent avoir un caractère particulièrement rugueux Padoue
7%
Le roi dénonce Syracuse
6%
En passant par la Lorraine ? Messine
5%
Avec un de plus, c'était la plus sophistiquée (à condition qu'elle soit dessus) Trente
4%
Evénement peu fréquent Ferrare
3%
Le berceau de l'Art Nouveau ? Novare
3%
A beaucoup diminué avec la crise. Bien fait pour toi, t'as qu'à bosser ! Tarente
2%
Aucun quiz correspondant
Distribution des résultats
% des personnes avec chaque résultat
Percentile par nombre de réponses
Votre historique - résultats
Vous n’avez pas pris ce quiz